| 000 | 01032cam a22003011 4500 | ||
|---|---|---|---|
| 001 | 9378670 | ||
| 003 | ARRUPE | ||
| 005 | 20161102123155.0 | ||
| 008 | 760623s1962 enk 000 0 eng | ||
| 010 | _a 62053420 | ||
| 015 | _aGB62-3610 | ||
| 035 | _a(OCoLC)2277122 | ||
| 040 |
_aDLC _cOCU _dOCoLC _dUk _dDLC |
||
| 050 | 0 | 0 |
_aPN49 _b.K6 |
| 100 | 1 |
_aKnight, George Wilson, _927226 |
|
| 245 | 1 | 4 |
_aThe Christian renaissance _b:with interpretations of Dante, Shakespeare, and Goethe and new discussions of Oscar Wilde and the Gospel of Thomas. _c/George Wilson Knight |
| 250 | _aRev. ed. | ||
| 260 |
_aLondon, _bMethuen _c1962 |
||
| 300 |
_ax, 356 p. _c23 cm. |
||
| 600 | 0 | 0 |
_aDante _xCriticism _927227 |
| 600 | 1 | 0 |
_aShakespeare, William, _xReligion. _927228 |
| 600 | 1 | 0 |
_aGoethe, Johann Wolfgang von, _xCriticism _927229 |
| 600 | 1 | 0 |
_aWilde, Oscar, _927230 |
| 650 | 0 |
_aReligion in poetry _927231 |
|
| 650 | 0 |
_aBible as literature. _927232 |
|
| 906 |
_a7 _bcbc _coclcrpl _du _encip _f19 _gy-gencatlg |
||
| 942 |
_2lcc _cMONOGRAPH |
||
| 999 |
_c125652 _d125652 |
||